000 00505nam a2200193 a 4500
001 BRCA_6464
005 20190320205450.0
008 240911s1900----enka######---#000-0#eng-#
041 _aeng
044 _aenk
050 4 _aSB409
_b.B75
_c1900
245 1 0 _aOrchids for amateurs
_cby T. W. Briscoe ; foreword by A. J. Macself
260 _aLondres
_bW. H. & L. Collingridge
_c[19--?]
300 _a141 p.
_bil.
_c20 cm.
500 _aI137
650 1 4 _aOrquídeas
_97665
902 _aGFM
942 _2lcc
_cB
999 _c6148
_d6148